Statistics for Locations by Letter - XQZ

Click here to take the quiz!

General Stats

  • This quiz has been taken 297 times
    (262 since last reset)
  • The average score is 9 of 24

Answer Stats

HintAnswer% Correct
Persian Gulf countryQatar
94%
Province of CanadaQuebec
88%
Mugabe's countryZimbabwe
88%
Borough of NYCQueens
87%
Capital of CroatiaZagreb
81%
Lusaka is its capitalZambia
80%
Ancient Chinese capitalXi'an
59%
Tanzanian archipelagoZanzibar
52%
Family Guy localeQuahog
43%
Kublai Khan's retreatXanadu
37%
Former Filipino capitalQuezon City
33%
City where
Judy Hopps works
Zootopia
26%
Another Chinese port cityXiamen
24%
Human city in
The Matrix
Zion
21%
Chinese port cityQingdao
16%
Home of UyghursXinjiang
15%
Location of the
Fatema shrine
Qom
12%
Capital of Henan, ChinaZhengzhou
12%
Silver-rich state of MexicoZacatecas
8%
Mayan underworldXibalba
4%
Shia city in
Saudi Arabia
Qatif
3%
Realm created by
Piers Anthony
Xanth
3%
Formerly João BeloXai-Xai
2%
Capital of Sharqia, EgyptZagazig
2%

Score Distribution

Percentile by Number Answered

Percent of People with Each Score

Your Score History

You have not taken this quiz since the last reset